| 000 | 00351nam a2200109Ia 4500 | ||
|---|---|---|---|
| 008 | 220216s9999 xx 000 0 und d | ||
| 100 | _aMillauer C | ||
| 245 | 0 | _aCompounding and processing of powder and crumby rubber | |
| 260 | _bProceedings of the International Rubber Conference, Venice, 1979; p710-721 | ||
| 650 | _aRubber compounding | ||
| 942 | _cJS | ||
| 999 |
_c56100 _d56100 |
||